Normal view
MARC view
- Religions
Entry Topical Term
001 - CONTROL NUMBER
- control field: 26416
003 - CONTROL NUMBER IDENTIFIER
- control field: IN-BhIIT
005 - DATE AND TIME OF LATEST TRANSACTION
- control field: 20250912182035.0
008 - FIXED-LENGTH DATA ELEMENTS
- fixed length control field: 250912|| aca||aabn | a|a d
040 ## - CATALOGING SOURCE
- Original cataloging agency: IN-BhIIT
- Transcribing agency: IN-BhIIT
150 ## - HEADING--TOPICAL TERM
- Topical term or geographic name entry element: Religions
- General subdivision: Mythology
- General subdivision: Rationalism 
670 ## - SOURCE DATA FOUND
- Source citation: Work cat.: (IN-BhIIT)14901: Jennings, Ken, Author. 26414, 100 places to see after you die :, 202.